[Event "XXXI Moglianoscacchi B"]
[Site "Mogliano Veneto ITA"]
[Date "2010.05.01"]
[Round "2"]
[White "Rosina, Graziano"]
[Black "Ballarin, Pietro"]
[Result "1/2-1/2"]
[WhiteElo "1873"]
[BlackElo "1634"]
[PlyCount "86"]
[EventDate "2010.04.30"]

1. d4 Nf6 2. c4 g6 3. Nf3 Bg7 4. g3 O-O 5. Bg2 d6 6. O-O Nbd7 7. Nc3 c6 8. e4
e5 9. d5 cxd5 10. cxd5 Nc5 11. Re1 a5 12. Nd2 Nd3 13. Re3 Nxc1 14. Rxc1 Bd7 15.
Ne2 Rc8 16. Rec3 Bh6 17. Rxc8 Bxc8 18. Rc3 Nd7 19. a3 a4 20. Nc4 Nc5 21. Nxe5
Bg7 22. Rxc5 dxc5 23. f4 Bxe5 24. fxe5 Bd7 25. Qc2 Qe7 26. e6 fxe6 27. dxe6
Bxe6 28. Qxa4 Qf6 29. Nf4 Qxb2 30. h4 Bc8 31. Qc4+ Kg7 32. Qxc5 Re8 33. Qc7+
Kg8 34. Qc4+ Kh8 35. Qf7 Qe5 36. Kh2 Qe7 37. Qc4 Bd7 38. Nd5 Qe6 39. Qd4+ Qe5
40. Qf2 Kg7 41. Qb6 Bc6 42. Qb4 Rf8 43. Nf4 Ra8 1/2-1/2

[Event "XXXI Moglianoscacchi B"]
[Site "Mogliano Veneto ITA"]
[Date "2010.05.01"]
[Round "2"]
[White "Scian, Nicola"]
[Black "Bozzao, Francesco"]
[Result "0-1"]
[WhiteElo "1689"]
[BlackElo "1892"]
[PlyCount "96"]
[EventDate "2010.04.30"]

1. e4 c5 2. Nc3 Nc6 3. f4 e6 4. Nf3 d5 5. e5 Nge7 6. g3 Nf5 7. Bg2 a6 8. O-O b5
9. Re1 Bb7 10. Kh1 h5 11. Ng5 Be7 12. d3 c4 13. a3 Bc5 14. Ne2 Ncd4 15. Ng1 Rc8
16. c3 Nb3 17. Rb1 Nxc1 18. Qxc1 cxd3 19. Qd2 Qb6 20. Qxd3 Ne3 21. Bf3 Ng4 22.
N1h3 d4 23. Ne4 dxc3 24. b4 Bxe4 25. Qxe4 Be3 26. Bxg4 hxg4 27. Qxe3 Qxe3 28.
Rxe3 gxh3 29. Rc1 c2 30. Kg1 Ke7 31. Rd3 Rhd8 32. Rxd8 Kxd8 33. Kf2 Rc3 34. Ke2
Rxa3 35. Rxc2 Rb3 36. Ra2 Rxb4 37. Rxa6 Ra4 38. Rd6+ Kc7 39. Kf3 Ra2 40. g4
Rxh2 41. f5 exf5 42. gxf5 Rh1 43. Rd2 Rf1+ 44. Kg4 Kc6 45. e6 fxe6 46. fxe6 Re1
47. Kf5 b4 48. Rd4 h2 0-1

[Event "XXXI Moglianoscacchi B"]
[Site "Mogliano Veneto ITA"]
[Date "2010.05.01"]
[Round "2"]
[White "Spano, Alfredo"]
[Black "Zangrando, Gianpietro"]
[Result "1/2-1/2"]
[WhiteElo "1887"]
[BlackElo "1822"]
[PlyCount "157"]
[EventDate "2010.04.30"]

1. c4 c5 2. Nf3 g6 3. d4 cxd4 4. Nxd4 Bg7 5. Nc3 Nf6 6. e4 d6 7. Be2 O-O 8. Be3
Nc6 9. Qd2 Ng4 10. Bxg4 Bxg4 11. O-O Ne5 12. b3 Nc6 13. Rac1 Qa5 14. h3 Bd7 15.
Nde2 Rfd8 16. Rfd1 Rac8 17. Nd4 a6 18. Nxc6 Bxc6 19. Nd5 Qxd2 20. Rxd2 Re8 21.
f3 Kf8 22. Rdc2 Kg8 23. c5 Bxd5 24. exd5 dxc5 25. Rxc5 Rxc5 26. Rxc5 Be5 27.
Kf1 Rd8 28. Ke2 f5 29. f4 Bd6 30. Rc4 Kf7 31. Kd3 Bb8 32. Bb6 Rxd5+ 33. Ke3 Rd7
34. Rc8 Bd6 35. Rh8 h5 36. g3 Ba3 37. Rc8 Bb4 38. Bd4 Ba3 39. Be5 Bd6 40. Bd4
Ba3 41. Be5 Bb4 42. Bd4 Be1 43. Rh8 Bf2+ 44. Kxf2 Rxd4 45. Ke3 Rd6 46. Rc8 Ke6
47. Rc2 Kd5 48. Rc7 Re6+ 49. Kf3 b5 50. Rd7+ Kc5 51. a3 Kc6 52. Ra7 Kb6 53. Rd7
a5 54. g4 hxg4+ 55. hxg4 a4 56. bxa4 bxa4 57. gxf5 gxf5 58. Rd4 Kb5 59. Rb4+
Ka5 60. Rd4 Rb6 61. Rd7 e6 62. Ra7+ Kb5 63. Rc7 Rc6 64. Re7 Kc4 65. Rb7 Kc3 66.
Rb4 Rc4 67. Rb6 Re4 68. Rb7 Rc4 69. Rb6 Rc5 70. Rxe6 Kb3 71. Re5 Rc3+ 72. Ke2
Kxa3 73. Rxf5 Kb2 74. Rb5+ Rb3 75. Rxb3+ Kxb3 76. f5 a3 77. f6 a2 78. f7 a1=Q
79. f8=Q 1/2-1/2

[Event "XXXI Moglianoscacchi B"]
[Site "Mogliano Veneto ITA"]
[Date "2010.05.01"]
[Round "2"]
[White "Velluti, Alberto"]
[Black "De Bortoli, Thomas"]
[Result "0-1"]
[WhiteElo "1932"]
[BlackElo "1823"]
[PlyCount "83"]
[EventDate "2010.04.30"]

1. e4 c5 2. Nf3 Nc6 3. d4 cxd4 4. Nxd4 g6 5. Nc3 Bg7 6. Be3 d6 7. Qd2 a6 8.
O-O-O Bd7 9. Bc4 Ne5 10. Bb3 b5 11. f4 Nc4 12. Qd3 Nxe3 13. Qxe3 e5 14. Nf3
exf4 15. Qd3 b4 16. Ne2 Bb5 17. Qd5 Ra7 18. Rhe1 Rd7 19. Ned4 Nf6 20. Qg5 O-O
21. Nxb5 axb5 22. Qxf4 d5 23. exd5 Nxd5 24. Bxd5 Rxd5 25. Rxd5 Qxd5 26. Kb1 Ra8
27. b3 Rd8 28. Ne5 Re8 29. Nd3 Rxe1+ 30. Nxe1 Qd1+ 31. Qc1 Qd4 32. c3 bxc3 33.
Qc2 Qg1 34. Qe2 b4 35. h3 Kf8 36. Qe4 Bd4 37. Kc2 Qf2+ 38. Kd3 Qd2+ 39. Kc4 Bf6
40. Nc2 Be7 41. Qd4 Qe2+ 42. Kd5 0-1

[Event "XXXI Moglianoscacchi B"]
[Site "Mogliano Veneto ITA"]
[Date "2010.05.01"]
[Round "2"]
[White "Viviani, Bruno"]
[Black "Stefan, Marco"]
[Result "1/2-1/2"]
[WhiteElo "1698"]
[BlackElo "1862"]
[PlyCount "39"]
[EventDate "2010.04.30"]

1. d4 Nf6 2. Nc3 c5 3. d5 g6 4. e4 d6 5. Nf3 Bg7 6. Be2 O-O 7. O-O Nbd7 8. Bg5
h6 9. Bf4 a6 10. a4 Qc7 11. h3 c4 12. Nd2 Nc5 13. Re1 Bd7 14. Bxc4 Nh5 15. Bh2
Bxc3 16. bxc3 Nxa4 17. Qf3 b5 18. Bb3 Qxc3 19. Bxa4 Qxf3 20. Nxf3 1/2-1/2

[Event "XXXI Moglianoscacchi B"]
[Site "Mogliano Veneto ITA"]
[Date "2010.05.01"]
[Round "2"]
[White "Zamengo, Bruno"]
[Black "Marson, Luca"]
[Result "1-0"]
[WhiteElo "1848"]
[BlackElo "1925"]
[PlyCount "95"]
[EventDate "2010.04.30"]

1. e4 c5 2. Nf3 d6 3. d4 cxd4 4. Nxd4 Nf6 5. Nc3 a6 6. a4 Nc6 7. f3 e6 8. Nb3
b6 9. Be2 Be7 10. O-O O-O 11. f4 Qc7 12. Bf3 Bb7 13. Be3 Rac8 14. Qe2 Rfe8 15.
Qf2 Nd7 16. g4 Nb4 17. g5 d5 18. e5 g6 19. h4 Nc5 20. h5 Nxb3 21. cxb3 d4 22.
Bxd4 Bxf3 23. Qxf3 Nc2 24. Bf2 Nxa1 25. Ne4 Qd6 26. Rxa1 Red8 27. b4 Qd5 28.
Bxb6 Qd3 29. Qg2 Rc2 30. Nf2 Qe4 31. Bxd8 Qxg2+ 32. Kxg2 Bxd8 33. a5 gxh5 34.
Rd1 Be7 35. Kf3 Bxb4 36. Ne4 Kg7 37. Nf6 Rd2 38. Rh1 Rxb2 39. Rxh5 Bxa5 40.
Rxh7+ Kg6 41. Rh6+ Kf5 42. Ng4 Rb3+ 43. Ne3+ Rxe3+ 44. Kxe3 Kg4 45. Rf6 Bb4 46.
Rxf7 Kh5 47. Rf6 a5 48. Kf3 1-0

[Event "XXXI Moglianoscacchi B"]
[Site "Mogliano Veneto ITA"]
[Date "2010.05.01"]
[Round "2"]
[White "Zanirato, Stefano"]
[Black "Penzo, Amleto"]
[Result "1-0"]
[WhiteElo "1905"]
[BlackElo "1761"]
[PlyCount "112"]
[EventDate "2010.04.30"]

1. e4 c5 2. Nf3 d6 3. Bb5+ Bd7 4. Bxd7+ Nxd7 5. O-O Ngf6 6. Re1 e5 7. c3 Be7 8.
d4 O-O 9. Nbd2 Qc7 10. Nf1 Rfe8 11. Ng3 Bf8 12. d5 g6 13. c4 Nb6 14. b3 Bg7 15.
Rb1 Qd7 16. h3 h6 17. Be3 Kh7 18. Nh2 Rad8 19. Qf3 Nc8 20. Ng4 Nxg4 21. hxg4
Qe7 22. Kf1 Qf6 23. Ke2 Qxf3+ 24. gxf3 Rh8 25. Rh1 Kg8 26. Rh3 Ne7 27. Rbh1 g5
28. Nh5 Ng6 29. Ng3 Ne7 30. Kd3 Rb8 31. a4 a6 32. a5 f6 33. b4 cxb4 34. Rb1 Kf7
35. Rxb4 Rhd8 36. Rh1 Nc8 37. Nf5 Kg6 38. Rhb1 Rd7 39. c5 dxc5 40. Bxc5 Kf7 41.
Kc4 Bf8 42. Bxf8 Kxf8 43. Rh1 Rh7 44. Rxh6 Rxh6 45. Nxh6 Nd6+ 46. Kc5 Nb5 47.
d6 Rc8+ 48. Kd5 Rd8 49. Nf5 Kf7 50. Rc4 Rd7 51. Rc8 Nd4 52. Rc7 Ke8 53. Nxd4
exd4 54. Ke6 d3 55. Rc8+ Rd8 56. d7+ Kf8 1-0

[Event "XXXI Moglianoscacchi B"]
[Site "Mogliano Veneto ITA"]
[Date "2010.05.01"]
[Round "2"]
[White "Zordan, Antonio"]
[Black "Basso, Pier Luigi"]
[Result "1/2-1/2"]
[WhiteElo "1777"]
[BlackElo "1684"]
[PlyCount "121"]
[EventDate "2010.04.30"]

1. d4 c6 2. e4 d5 3. e5 Bf5 4. Bd3 Bg6 5. f4 e6 6. Nf3 Be7 7. O-O Nh6 8. h3 Nd7
9. b3 c5 10. c4 dxc4 11. Bxc4 cxd4 12. Kh2 O-O 13. Nxd4 Nb6 14. Be2 a6 15. Ba3
Bxb1 16. Bxe7 Qxe7 17. Qxb1 Rfd8 18. Qb2 Qb4 19. Rad1 Nd5 20. Rf3 Rac8 21. a3
Qb6 22. g3 Qc7 23. Rfd3 g6 24. Bf3 Qc5 25. b4 Qc4 26. Qb3 Qxb3 27. Nxb3 Nf5 28.
Bxd5 exd5 29. Rxd5 Rxd5 30. Rxd5 Rc3 31. Nc5 Rc2+ 32. Kg1 Nxg3 33. Nxb7 Ne2+
34. Kf1 Nxf4 35. Rd8+ Kg7 36. Nc5 a5 37. h4 axb4 38. axb4 Rc4 39. Na6 Ne6 40.
Rd2 Rc6 41. b5 Rb6 42. Rb2 Kh6 43. Rb4 g5 44. Kf2 gxh4 45. Rxh4+ Kg6 46. Nb4
Rxb5 47. Nd3 Rb3 48. Nf4+ Nxf4 49. Rxf4 h6 50. Rf6+ Kg7 51. Rf4 h5 52. Re4 Rb6
53. Kg3 Kg6 54. Kf4 Re6 55. Re1 Ra6 56. Rg1+ Kh6 57. Kf5 h4 58. Rg4 Kh5 59.
Rg5+ Kh6 60. Rg4 Kh5 61. Rg5+ 1/2-1/2

[Event "XXXI Moglianoscacchi B"]
[Site "Mogliano Veneto ITA"]
[Date "2010.05.01"]
[Round "3"]
[White "Aprile, Martino"]
[Black "Viviani, Bruno"]
[Result "1-0"]
[WhiteElo "1841"]
[BlackElo "1698"]
[PlyCount "35"]
[EventDate "2010.04.30"]

1. e4 Nf6 2. Bc4 d5 3. exd5 Nxd5 4. Nf3 Nc6 5. O-O g6 6. Nc3 Nf6 7. h3 Bg7 8.
d4 e6 9. Re1 O-O 10. Bg5 a6 11. a3 Bd7 12. Qd2 Ne7 13. Rad1 c6 14. Ne5 Ned5 15.
Ne4 Qc8 16. Bxd5 Nxd5 17. c4 Nc7 18. Nd6 1-0

[Event "XXXI Moglianoscacchi B"]
[Site "Mogliano Veneto ITA"]
[Date "2010.05.01"]
[Round "3"]
[White "Ballarin, Gabriele"]
[Black "Spano, Alfredo"]
[Result "1/2-1/2"]
[WhiteElo "1794"]
[BlackElo "1887"]
[PlyCount "109"]
[EventDate "2010.04.30"]

1. e4 c5 2. Nc3 Nc6 3. g3 g6 4. Bg2 Bg7 5. d3 d6 6. f4 e6 7. Nf3 Nge7 8. O-O
O-O 9. Ne2 Rb8 10. g4 f5 11. gxf5 exf5 12. Ng3 fxe4 13. dxe4 b5 14. c3 Ba6 15.
Qb3+ c4 16. Qc2 d5 17. Be3 d4 18. cxd4 Nxd4 19. Qf2 Nxf3+ 20. Bxf3 Qc7 21. e5
Bb7 22. Ne4 Bxe4 23. Bxe4 Bxe5 24. Qg2 Bxf4 25. Bd5+ Kg7 26. Rxf4 Rxf4 27. Rd1
Nxd5 28. Qxd5 Rg4+ 29. Kh1 Qb7 30. Bd4+ Rxd4 31. Rxd4 Qxd5+ 32. Rxd5 Rb7 33.
Kg2 a6 34. Rd6 a5 35. Kf3 Rf7+ 36. Ke3 Rf5 37. Rd2 Kf6 38. Kd4 g5 39. b3 cxb3
40. axb3 h5 41. Ra2 a4 42. bxa4 bxa4 43. Kc4 Ra5 44. Kb4 Ra8 45. Ka3 g4 46. Rc2
Kg5 47. Rc5+ Kh4 48. Rc2 g3 49. hxg3+ Kxg3 50. Rc3+ Kf4 51. Rc4+ Kf5 52. Rc5+
Kg6 53. Rc6+ Kf7 54. Rc7+ Kg8 55. Rc5 1/2-1/2

[Event "XXXI Moglianoscacchi B"]
[Site "Mogliano Veneto ITA"]
[Date "2010.05.01"]
[Round "3"]
[White "Boraso, Alessio"]
[Black "Coppo, Gianni"]
[Result "1-0"]
[WhiteElo "1859"]
[BlackElo "1698"]
[PlyCount "57"]
[EventDate "2010.04.30"]

1. d4 d5 2. c4 e6 3. Nc3 Nf6 4. Bg5 Nbd7 5. cxd5 exd5 6. e3 c6 7. Bd3 Bd6 8.
Nf3 O-O 9. Rc1 Re8 10. O-O Nf8 11. a3 Bg4 12. b4 a5 13. Qb3 axb4 14. axb4 Qc7
15. Nb5 Qb8 16. Nxd6 Qxd6 17. Ne5 N8d7 18. Bf4 Qe7 19. Rc3 Nxe5 20. Bxe5 Nd7
21. Bg3 h5 22. h3 Be6 23. Rfc1 Rec8 24. Qd1 g6 25. Qc2 h4 26. Bf4 g5 27. Bh2
Nb6 28. Qe2 Kg7 29. Qh5 1-0

[Event "XXXI Moglianoscacchi B"]
[Site "Mogliano Veneto ITA"]
[Date "2010.05.01"]
[Round "3"]
[White "Bortolotto, Denzio"]
[Black "Mumelter, Igor"]
[Result "1/2-1/2"]
[WhiteElo "1725"]
[BlackElo "1856"]
[PlyCount "67"]
[EventDate "2010.04.30"]

1. d4 Nf6 2. c4 e6 3. Nc3 Bb4 4. e3 b6 5. Nf3 Bb7 6. Be2 Ne4 7. Qc2 O-O 8. O-O
Bxc3 9. bxc3 f5 10. Bd3 Nc6 11. Ba3 Rf6 12. d5 Na5 13. Bxe4 fxe4 14. Qxe4 exd5
15. cxd5 c5 16. Rfd1 Qf8 17. c4 Re8 18. Qd3 Ba6 19. Rac1 Rxf3 20. gxf3 Qxf3 21.
e4 Qxd3 22. Rxd3 Rxe4 23. f3 Re2 24. Rdc3 Rxa2 25. R1c2 Ra1+ 26. Bc1 Kf7 27.
Kf2 Ra4 28. Bf4 Bxc4 29. Bb8 Bxd5 30. Bxa7 Nc4 31. Rxc4 Bxc4 32. Bxb6 Ra2 33.
Rxa2 Bxa2 34. Bxc5 1/2-1/2

[Event "XXXI Moglianoscacchi B"]
[Site "Mogliano Veneto ITA"]
[Date "2010.05.01"]
[Round "3"]
[White "Bortolussi, Andrea"]
[Black "Pasqualetto, Lorenzo"]
[Result "1-0"]
[WhiteElo "1914"]
[BlackElo "1651"]
[PlyCount "23"]
[EventDate "2010.04.30"]

1. e4 c5 2. Nc3 Nc6 3. f4 d6 4. Bc4 g6 5. d3 Bg7 6. Nf3 e5 7. O-O Nge7 8. fxe5
Nxe5 9. Nxe5 Bxe5 10. Bxf7+ Kd7 11. Bg5 Kc7 12. Nd5+ 1-0

[Event "XXXI Moglianoscacchi B"]
[Site "Mogliano Veneto ITA"]
[Date "2010.05.01"]
[Round "3"]
[White "Bozzao, Francesco"]
[Black "Zamengo, Bruno"]
[Result "1/2-1/2"]
[WhiteElo "1892"]
[BlackElo "1848"]
[PlyCount "68"]
[EventDate "2010.04.30"]

1. e4 e6 2. d4 d5 3. Nd2 c5 4. exd5 Qxd5 5. Ngf3 cxd4 6. Bc4 Qa5 7. O-O Nf6 8.
Nb3 Qc7 9. Bb5+ Bd7 10. Bxd7+ Nbxd7 11. Nbxd4 a6 12. c3 Bc5 13. Qe2 O-O 14. Bg5
Rfe8 15. Rad1 Ba7 16. Rd2 e5 17. Nf5 Ng4 18. h3 Ngf6 19. Nd6 Re6 20. Qc4 Qb8
21. Rfd1 b5 22. Qh4 e4 23. Bxf6 Nxf6 24. Nxf7 Re8 25. Nh6+ Kf8 26. Nd4 e3 27.
fxe3 Qe5 28. Nhf5 Ne4 29. Re2 g6 30. Qh6+ Kg8 31. Nh4 Bb8 32. Ndf3 Qe6 33. Ng5
Nxg5 34. Qxg5 Kh8 1/2-1/2

[Event "XXXI Moglianoscacchi B"]
[Site "Mogliano Veneto ITA"]
[Date "2010.05.01"]
[Round "3"]
[White "Buzzatti, Francesco"]
[Black "Gennari, Jacopo"]
[Result "1-0"]
[WhiteElo "1900"]
[BlackElo "1724"]
[PlyCount "95"]
[EventDate "2010.04.30"]

1. d4 Nf6 2. c4 c5 3. d5 e6 4. Nc3 exd5 5. Nxd5 Nxd5 6. Qxd5 Nc6 7. Nf3 d6 8.
Bg5 Qc7 9. e3 Be6 10. Qd2 Be7 11. Bxe7 Qxe7 12. Bd3 O-O 13. O-O Bg4 14. Be2
Rad8 15. h3 Bxf3 16. Bxf3 Ne5 17. Bd5 b6 18. f4 Nd7 19. e4 Nf6 20. Rae1 Nxd5
21. exd5 Qf6 22. Re4 Rfe8 23. Rfe1 Kf8 24. Qe2 Rxe4 25. Qxe4 Qd4+ 26. Qxd4 cxd4
27. Kf2 Rc8 28. b3 b5 29. Rc1 Ke7 30. Ke2 Kf6 31. Kd3 Rc7 32. Kxd4 Kf5 33. c5
Kxf4 34. Rf1+ Kg3 35. cxd6 Rd7 36. Kc5 Kxg2 37. Re1 f5 38. Kc6 Rf7 39. d7 Rf8
40. Re8 Rf6+ 41. d6 f4 42. d8=Q f3 43. Qe7 f2 44. Qxg7+ Rg6 45. Qb2 Kg1 46. Qd4
Kg2 47. Re2 Re6 48. Qxf2+ 1-0

[Event "XXXI Moglianoscacchi B"]
[Site "Mogliano Veneto ITA"]
[Date "2010.05.01"]
[Round "3"]
[White "Campagnola, Giacomo"]
[Black "Franco, Alessandro P."]
[Result "1/2-1/2"]
[WhiteElo "1868"]
[BlackElo "1823"]
[PlyCount "25"]
[EventDate "2010.04.30"]

1. e4 Nf6 2. d3 e5 3. Nc3 Bb4 4. Bg5 d6 5. Be2 c6 6. Nf3 Nbd7 7. O-O Nf8 8. a3
Ba5 9. b4 Bb6 10. Na4 Bc7 11. Nb2 Ne6 12. Be3 O-O 13. Nc4 1/2-1/2

[Event "XXXI Moglianoscacchi B"]
[Site "Mogliano Veneto ITA"]
[Date "2010.05.01"]
[Round "3"]
[White "De Bortoli, Thomas"]
[Black "Zanirato, Stefano"]
[Result "1/2-1/2"]
[WhiteElo "1823"]
[BlackElo "1905"]
[PlyCount "139"]
[EventDate "2010.04.30"]

1. e4 Nc6 2. Nf3 e6 3. d4 d5 4. e5 a6 5. Bd3 Be7 6. c3 h5 7. h4 Nh6 8. Bf4 Nf5
9. Bxf5 exf5 10. Nbd2 Be6 11. Qe2 Qd7 12. Ng5 O-O-O 13. O-O-O Na5 14. Nb3 Nc4
15. Nd2 Nxd2 16. Rxd2 c5 17. Rc2 c4 18. Rh3 b5 19. Re3 Qc6 20. b4 Kb7 21. Rg3
g6 22. a3 a5 23. Kb2 Ra8 24. Nxe6 Qxe6 25. Bg5 Bxg5 26. hxg5 f4 27. Rh3 Qg4 28.
Qf3 Kc6 29. Re2 axb4 30. cxb4 Rhe8 31. e6 Qxf3 32. Rxf3 Rxe6 33. Rxe6+ fxe6 34.
Rxf4 Kd6 35. Rf7 Rg8 36. f4 Kc6 37. g3 Kd6 38. Rb7 Kc6 39. Ra7 h4 40. gxh4 Rf8
41. Rg7 Rxf4 42. Rxg6 Rxh4 43. Rxe6+ Kd7 44. Rb6 Rxd4 45. Rxb5 Kc6 46. Ra5 Rg4
47. g6 Kb6 48. Rxd5 Rxg6 49. a4 Rg3 50. Rb5+ Ka6 51. Kc2 Rb3 52. Kd2 Rd3+ 53.
Kc1 Ra3 54. Rb8 Ka7 55. Rc8 Rxa4 56. Rxc4 Ra2 57. Kb1 Rf2 58. Rc2 Rxc2 59. Kxc2
Kb6 60. Kb3 Kb5 61. Kc3 Kb6 62. Kc4 Kc6 63. b5+ Kb6 64. Kb4 Kb7 65. Kc5 Kc7 66.
b6+ Kb7 67. Kb5 Kb8 68. Ka6 Ka8 69. Ka5 Kb7 70. Kb5 1/2-1/2

[Event "XXXI Moglianoscacchi B"]
[Site "Mogliano Veneto ITA"]
[Date "2010.05.01"]
[Round "3"]
[White "Della Sala, Bruno"]
[Black "Sorbera, Enrico"]
[Result "0-1"]
[WhiteElo "1740"]
[BlackElo "1780"]
[PlyCount "120"]
[EventDate "2010.04.30"]

1. d4 e6 2. c4 d5 3. Nc3 Nc6 4. cxd5 exd5 5. Bf4 Bf5 6. e3 a6 7. Nf3 Bd6 8.
Bxd6 Qxd6 9. Bd3 Bxd3 10. Qxd3 Nf6 11. O-O O-O 12. a3 Rad8 13. b4 b5 14. Rac1
Ne7 15. Rc2 Nd7 16. Rfc1 Nb6 17. e4 Ng6 18. Nxd5 Nxd5 19. exd5 Nf4 20. Qd2 Nxd5
21. Rc6 Qf4 22. Qxf4 Nxf4 23. Kf1 Rd6 24. Rxc7 h6 25. R1c6 Rfd8 26. Rxd6 Rxd6
27. g3 Ne6 28. Ra7 f6 29. Ke2 Kf8 30. Kd3 Ke8 31. Ke4 Kd8 32. h4 Nc7 33. g4 Kc8
34. g5 Kb8 35. Rxc7 Kxc7 36. gxf6 gxf6 37. Kf5 Rd8 38. h5 Rg8 39. Ke6 Re8+ 40.
Kf7 Re4 41. Kg7 Rf4 42. Ne1 Rxd4 43. Kxh6 Rg4 44. Kh7 Kd7 45. Nd3 Kc6 46. Nc5
a5 47. f3 Rf4 48. h6 Rxf3 49. Kg7 Rxa3 50. Kxf6 axb4 51. Ne4 b3 52. h7 Ra8 53.
Nd2 b2 54. Kg7 Kd5 55. h8=Q Rxh8 56. Kxh8 Kd4 57. Kg7 Kc3 58. Nb1+ Kd3 59. Kf6
b4 60. Ke5 Kc2 0-1

[Event "XXXI Moglianoscacchi B"]
[Site "Mogliano Veneto ITA"]
[Date "2010.05.01"]
[Round "3"]
[White "Fracasso Pezzolato, Michele"]
[Black "Rosina, Graziano"]
[Result "1-0"]
[WhiteElo "1779"]
[BlackElo "1873"]
[PlyCount "109"]
[EventDate "2010.04.30"]

1. e4 d6 2. f4 Nf6 3. Nc3 g6 4. Nf3 Bg7 5. g3 O-O 6. Bg2 Nbd7 7. d4 e5 8. O-O
exd4 9. Nxd4 Nc5 10. f5 h6 11. Re1 Re8 12. fxg6 fxg6 13. Nb3 Bg4 14. Bf3 Bxf3
15. Qxf3 Ncd7 16. Be3 Ne5 17. Qe2 Kh7 18. Nd2 Nfg4 19. Bd4 Qg5 20. Nd5 Qxd2 21.
Qxd2 Nf3+ 22. Kg2 Nxd2 23. Bxg7 c6 24. Nf6+ Nxf6 25. Bxf6 Rxe4 26. Bc3 Rxe1 27.
Rxe1 Nc4 28. Re7+ Kg8 29. Rxb7 Ne5 30. Bxe5 dxe5 31. Rc7 Rd8 32. Rxc6 Rd2+ 33.
Kf3 Rxh2 34. Rxg6+ Kf7 35. Rc6 a5 36. a4 h5 37. b3 h4 38. gxh4 Rxh4 39. Rc5 Rh2
40. Rxa5 Rxc2 41. Rxe5 Kf6 42. Re3 Rb2 43. Ke4 Ke6 44. Kd4+ Kd6 45. Kc4 Ra2 46.
Kb5 Ra3 47. Rc3 Ra2 48. a5 Rh2 49. a6 Rh4 50. b4 Kd7 51. Ka5 Rh5+ 52. b5 Rh8
53. a7 Ra8 54. Kb6 Rh8 55. Kb7 1-0

[Event "XXXI Moglianoscacchi B"]
[Site "Mogliano Veneto ITA"]
[Date "2010.05.01"]
[Round "3"]
[White "Franciosi, Claudio"]
[Black "Ballarin, Pietro"]
[Result "0-1"]
[WhiteElo "1697"]
[BlackElo "1634"]
[PlyCount "74"]
[EventDate "2010.04.30"]

1. e4 e5 2. Nf3 Nc6 3. Bb5 a6 4. Ba4 Nf6 5. O-O Be7 6. Re1 b5 7. Bb3 d6 8. h3
Na5 9. c3 Nxb3 10. axb3 Bb7 11. d3 O-O 12. Nbd2 Re8 13. Nf1 Bf8 14. Ng3 g6 15.
Bg5 Bg7 16. Qd2 d5 17. exd5 Qxd5 18. c4 Qd6 19. cxb5 axb5 20. Rxa8 Bxa8 21. Qe2
Nd7 22. Ne4 Qd5 23. Qc2 c5 24. Nc3 Qc6 25. Qe2 f5 26. Bf4 h6 27. Qd2 Kh7 28.
Re2 Nf8 29. Ne1 exf4 30. Rxe8 Qxe8 31. Ne2 Ne6 32. f3 Nd4 33. Nxd4 Bxd4+ 34.
Kh2 Qe3 35. Qxe3 fxe3 36. Nc2 e2 37. Kg3 g5 0-1

[Event "XXXI Moglianoscacchi B"]
[Site "Mogliano Veneto ITA"]
[Date "2010.05.01"]
[Round "3"]
[White "Gigovski, Gjoko"]
[Black "Pisani, Valerio"]
[Result "0-1"]
[WhiteElo "1902"]
[BlackElo "1777"]
[PlyCount "70"]
[EventDate "2010.04.30"]

1. d4 d5 2. Nf3 Nf6 3. Bf4 e6 4. e3 Bd6 5. Bg3 Nc6 6. Nbd2 Ne7 7. c3 Nf5 8. Bd3
Nxg3 9. hxg3 Qe7 10. Qc2 h6 11. O-O-O Bd7 12. b4 a5 13. b5 a4 14. Nb1 c6 15.
Qb2 O-O 16. Rh4 cxb5 17. Bxb5 Rfc8 18. Bxd7 Nxd7 19. Kd2 a3 20. Qb3 b5 21. Rc1
Rab8 22. Rhh1 Nb6 23. Ke2 Nc4 24. Nbd2 Na5 25. Qd1 Qc7 26. Nb3 Nc4 27. Nfd2 Nb2
28. Qf1 Qb6 29. Kf3 Rc7 30. Qe2 Rbc8 31. Nb1 e5 32. dxe5 Bxe5 33. Nxa3 Qf6+ 34.
Kg4 Qe6+ 35. Kh5 Qf5+ 0-1

[Event "XXXI Moglianoscacchi B"]
[Site "Mogliano Veneto ITA"]
[Date "2010.05.01"]
[Round "3"]
[White "Gioga, Michele"]
[Black "Alfier, Cecilia"]
[Result "1/2-1/2"]
[WhiteElo "1676"]
[BlackElo "1734"]
[PlyCount "104"]
[EventDate "2010.04.30"]

1. d4 e6 2. Nf3 d5 3. e3 c5 4. b3 Nf6 5. Bb2 Be7 6. Bd3 O-O 7. O-O Nc6 8. Nbd2
a6 9. Ne5 Qc7 10. f4 b5 11. g4 c4 12. g5 cxd3 13. gxf6 Bxf6 14. cxd3 Bb7 15.
Rc1 Qb6 16. Nd7 Qd8 17. Nxf8 Qxf8 18. Qg4 Rc8 19. Nf3 Nb4 20. Ba3 Be7 21. Bxb4
Bxb4 22. Ne5 Bd2 23. Rxc8 Bxe3+ 24. Kh1 Qxc8 25. f5 exf5 26. Qxf5 Qxf5 27. Rxf5
f6 28. Nf3 Kf7 29. Rh5 Kg6 30. Rh3 Bf2 31. Kg2 Bc8 32. Nh4+ Kf7 33. Nf5 Bxf5
34. Rf3 Bxd3 35. Rxd3 Be1 36. a3 b4 37. axb4 Bxb4 38. Rd1 Ke6 39. Rc1 Ba5 40.
Rc8 g5 41. Rh8 Bc3 42. Rxh7 Bxd4 43. Rh8 Bc3 44. Ra8 a5 45. Kf3 Ke5 46. Re8+
Kf5 47. h3 d4 48. Rd8 Kg6 49. Rd6 Kf5 50. Rd5+ Kg6 51. Kg4 Kh6 52. Rd6 Kg6
1/2-1/2

[Event "XXXI Moglianoscacchi B"]
[Site "Mogliano Veneto ITA"]
[Date "2010.05.01"]
[Round "3"]
[White "Losso, Agostino"]
[Black "Velluti, Alberto"]
[Result "0-1"]
[WhiteElo "1794"]
[BlackElo "1932"]
[PlyCount "116"]
[EventDate "2010.04.30"]

1. e4 e5 2. Nf3 Nc6 3. Bb5 a6 4. Bxc6 dxc6 5. O-O f6 6. d4 Bg4 7. dxe5 Qxd1 8.
Rxd1 Bc5 9. Rd3 Bxf3 10. Rxf3 O-O-O 11. Nc3 Bd4 12. Kf1 Bxe5 13. Ke2 Ne7 14.
Bf4 Bxf4 15. Rxf4 Rd7 16. Rd1 Rhd8 17. Rxd7 Rxd7 18. Rf3 Ng6 19. Nd1 Rd4 20.
Nc3 Ne5 21. Rh3 h6 22. f4 Nc4 23. b3 Na3 24. Rg3 Rd7 25. Rd3 Nxc2 26. Rxd7 Kxd7
27. Kf3 Ne1+ 28. Kg3 Nd3 29. Kg4 Ke6 30. h4 b5 31. g3 a5 32. Kf3 Kd6 33. Ke3
Nc5 34. h5 b4 35. Ne2 a4 36. bxa4 Nxa4 37. Kd4 c5+ 38. Kc4 c6 39. g4 Nb6+ 40.
Kb3 Nd7 41. Ng3 Kc7 42. Nf5 Kb6 43. Nxg7 Kb5 44. Nf5 c4+ 45. Kc2 Ka4 46. Nd4 c5
47. Nf3 Ka3 48. Kb1 b3 49. axb3 cxb3 50. e5 fxe5 51. fxe5 c4 52. e6 Nf6 53. Nd4
Nxg4 54. Nf5 c3 55. Nxh6 c2+ 56. Kc1 Ne3 57. Nf5 b2+ 58. Kd2 c1=Q+ 0-1

[Event "XXXI Moglianoscacchi B"]
[Site "Mogliano Veneto ITA"]
[Date "2010.05.01"]
[Round "3"]
[White "Marson, Luca"]
[Black "Bortolussi, Francesco"]
[Result "0-1"]
[WhiteElo "1925"]
[BlackElo "1634"]
[PlyCount "174"]
[EventDate "2010.04.30"]

1. e4 c5 2. Nf3 Nc6 3. d4 cxd4 4. Nxd4 Nf6 5. Nc3 d6 6. Bc4 e6 7. Bb3 Be7 8.
Be3 a6 9. f4 Qc7 10. Qf3 b5 11. f5 Nxd4 12. Bxd4 e5 13. Be3 Bb7 14. O-O-O b4
15. Nd5 Bxd5 16. Bxd5 Nxd5 17. Rxd5 Rc8 18. Qe2 Qc4 19. Qxc4 Rxc4 20. Kd2 Kd7
21. Kd3 Rhc8 22. Rc1 h6 23. g3 Bg5 24. Bxg5 hxg5 25. h4 gxh4 26. gxh4 R4c6 27.
c4 bxc3 28. bxc3 Rh8 29. Rh1 Rhc8 30. Rc1 Rh8 31. c4 Rxh4 32. c5 Rh3+ 33. Kc4
Rh4 34. Re1 Rh2 35. Rxd6+ Rxd6 36. cxd6 Kxd6 37. Rd1+ Kc6 38. a3 Rc2+ 39. Kb4
Re2 40. Rc1+ Kb6 41. Rc4 Re3 42. Rc1 Rxe4+ 43. Kb3 Rf4 44. Rg1 Rxf5 45. Rxg7 f6
46. Re7 Rf4 47. Re6+ Ka5 48. Kc3 e4 49. Kd4 f5 50. Re5+ Ka4 51. Ke3 Rf3+ 52.
Ke2 a5 53. Rd5 f4 54. Re5 Re3+ 55. Kf2 Kxa3 56. Rxa5+ Kb2 57. Rf5 Rf3+ 58. Ke2
Kc2 59. Rf7 Kc3 60. Rf8 Kd4 61. Re8 Rh3 62. Rd8+ Kc3 63. Rc8+ Kb2 64. Rb8+ Kc2
65. Rc8+ Rc3 66. Rf8 f3+ 67. Kf2 Kd2 68. Re8 Kd3 69. Rd8+ Kc4 70. Rc8+ Kd4 71.
Rd8+ Ke5 72. Re8+ Kf5 73. Rf8+ Ke5 74. Re8+ Kd4 75. Rd8+ Kc4 76. Rc8+ Kd3 77.
Rd8+ Kc2 78. Re8 Rc4 79. Ke3 Kd1 80. Rf8 Ke1 81. Rb8 Kf1 82. Rb1+ Kg2 83. Rb2+
Kg3 84. Rb8 Rc3+ 85. Kxe4 f2 86. Rf8 Kg2 87. Kd4 Rg3 0-1

[Event "XXXI Moglianoscacchi B"]
[Site "Mogliano Veneto ITA"]
[Date "2010.05.01"]
[Round "3"]
[White "Mihalcea, Vasile"]
[Black "Negro, Raffaele"]
[Result "1/2-1/2"]
[WhiteElo "1751"]
[BlackElo "1865"]
[PlyCount "38"]
[EventDate "2010.04.30"]

1. d4 g6 2. c4 Bg7 3. Nc3 d6 4. Bg5 h6 5. Bh4 Nd7 6. e3 b6 7. Bd3 Bb7 8. f3
Ngf6 9. Qc2 e5 10. O-O-O g5 11. Bf2 Qe7 12. Nge2 Nh5 13. d5 Nc5 14. Bf5 Nf6 15.
b4 Ncd7 16. Nb5 Qd8 17. Nbc3 a5 18. b5 Nc5 19. a4 19... Bc8 {...} 1/2-1/2